| 000 | 00679nam a22001937a 4500 | ||
|---|---|---|---|
| 003 | BD-DhUL | ||
| 005 | 20190724121349.0 | ||
| 008 | 160901s1985 b ||||| |||| 001 0 b d | ||
| 040 |
_aBD-DhUL _cBD-DhUL |
||
| 082 |
_a938 _bAMG |
||
| 100 | 1 | _aইসলাম, সৈয়দ আমীরূল | |
| 245 | 1 | 0 |
_aগ্রিক সভ্যতা / _cসৈয়দ আমীরূল ইসলাম |
| 260 |
_aঢাকা : _bবাংলা একাডেমী, _cc ১৯৮৫ |
||
| 300 |
_a৯৫পৃ. : _c১৪ সেমি. |
||
| 500 | _aনির্ঘন্ট সংবলিত | ||
| 650 | 0 | _aইতিহাস | |
| 650 | 0 | _aHistory | |
| 942 |
_2ddc _cBK |
||
| 999 |
_c103717 _d103717 |
||